Enrichir son vocabulaire #4 - Statistiques

Statistiques générales
  • Ce quiz a été pris 20 fois
  • Le résultat moyen est 2 sur 10
Statistiques - réponses
Définition Réponse % Correct
Locution latine. En partant de rien, du néant. E{x} {nihilo}
83%
N. m. Ce qui n'a pas fait l'objet d'une sélection; ensemble de choses ou de personnes sans caractère d'exception. T{out}-{venant}
39%
Adj. Qui peut prendre de multiples formes, se présenter sous les aspects les plus divers. P{rotéiforme}
22%
Adj. 1. Qui peut arriver ou ne pas arriver, incertain.2. Qui a une importance secondaire, un caractère accessoire. C{ontingent}
17%
Adj. Qui présente une courbure convexe ; aquilin, bourbonien. B{uscé}
11%
N. f. Bourse, portefeuille. E{scarcelle}
11%
Adj. Qui semble réglé, imposé par un rite, un cérémonial, une tradition ; solennel. H{iératique}
11%
N. f. Tendance de l'organisme à maintenir ou à ramener les différentes constantes physiologiques (température, débit sanguin, tension artérielle, etc.) à des degrés qui ne s'écartent pas de la normale. H{oméostasie}
11%
N. f. Écart de conduite ; folie de jeunesse ; frasque. F{redaine}
6%
Adj. Qui est haut en couleur, plein de pittoresque et de vigueur. T{ruculent}
6%
Aucun quiz correspondant
Distribution des résultats
% des personnes avec chaque résultat
Percentile par nombre de réponses
Votre historique - résultats
Vous n’avez pas pris ce quiz